000 00966nmm a2200289 a 4500
001 ocm000663688
003 TR-IsHL
005 20201028140813.0
008 131219s2007 tu tur
007 cr cn
020 _a9789944601351
035 _a663688
_b(N$T)
050 0 4 _aHD2346.B3
_bA36 2007
090 0 4 _aHD2346.B3
_bA36 2007
100 1 _aAkmut, Özdemir
245 1 0 _aKOBİ borsaları
_h[electronic resource] /
_cÖzdemir Akmut
260 _aİstanbul :
_bİstanbul Ticaret Odası,
_c2007
300 _a68 p.
650 4 _aEkonomi ve Finans
650 4 _aEconomics and Finance
650 0 _aSmall business
_x Turkey
650 0 _aKüçük işletmeler
_x Türkiye
650 0 _aSmall business
_x Turkey
_x Finance
650 0 _aKüçük işletmeler
_x Türkiye
_x Maliye
650 7 _aBUSINESS & ECONOMICS / Small Business
_2bisacsh
856 4 0 _uhttp://search.ebscohost.com/login.aspx?direct=true&scope=site&db=e011xww&AN=663688
999 _c7478
_d7478